| 000 | 00777nam a2200301 a 4500 | ||
|---|---|---|---|
| 003 | AR-BaBNM | ||
| 005 | 20251128202935.0 | ||
| 008 | 082120s2002 ||||||||||||||000 | spa|| | ||
| 020 | _a950-46-0113-8 | ||
| 040 | _cAR-BaBNM | ||
| 245 | 0 | 0 |
_aEnglish _n2 |
| 260 |
_aBuenos Aires _bSantillana _c1989 |
||
| 300 |
_a95 p. _bil. |
||
| 650 | 4 | _aENSEÑANZA DE IDIOMAS | |
| 650 | 4 | _aINGLES | |
| 650 | 4 | _aGRAMATICA | |
| 650 | 4 | _aVOCABULARIO | |
| 650 | 4 | _aACTIVIDADES DE APRENDIZAJE | |
| 650 | 4 | _aLIBROS DE TEXTO | |
| 653 | _aEDUCACION SECUNDARIA | ||
| 700 | 1 | _aWolff, Leslie Bobb | |
| 700 | 1 | _aFernández Arias, Elena | |
| 700 | 1 | _aKlaiber, Sheila A. | |
| 700 | 1 | _aMuñoz de Giargia, Graciela | |
| 700 | 1 | _aSangiau, María Natividad | |
| 942 | _cBK | ||
| 998 | _cCarmen | ||
| 999 |
_c1225 _d1225 |
||